Les 20 meilleurs buteurs de ligue 1 - Saisons 2018-2019 - Statistiques

Statistiques générales
  • Ce quiz a été pris 104 fois
  • Le résultat moyen est 13 sur 20
Statistiques - réponses
Joueurs Club Nationalité Nbr de matchs Nbr de buts % Correct
1 Kylian Mbappé PSG France 29 33
100%
3 Edinson Cavani PSG Uruguay 21 18
98%
5 Neymar Jr PSG Brésil 17 15
98%
12 Angel Di Maria PSG Argentine 30 12
90%
11 Emiliano Sala Nantes Argentine 19 12
88%
6 Radamel Falcao Monaco Colombie 33 15
86%
2 Nicolas Pépé Lille Côte d'Ivoire 38 22
84%
18 Memphis Depay Lyon Pays-bas 36 10
83%
9 Wahbi Khazri Saint-Etienne Tunisie 32 13
80%
8 Andy Delort Montpellier Algérie 36 14
78%
6 Moussa Dembélé Lyon France 33 15
78%
4 Florian Thauvin Marseille France 33 16
77%
10 Jonathan Bamba Lille France 38 13
65%
17 Lebo Mothiba Strasbourg Afrique du Sud 35 10
45%
13 M'Baye Niang Rennes Sénégal 29 11
44%
15 Max-Alain Gradel Toulouse Côte d'Ivoire 36 11
39%
16 Gaetan Laborde Montpellier Monaco 37 11
37%
14 Stéphane Bahoken Angers Cameroun 32 11
24%
19 François Kamano Bordeaux Guinée 37 10
15%
19 Rémi Oudin Reims France 37 10
13%
Aucun quiz correspondant
Distribution des résultats
% des personnes avec chaque résultat
Percentile par nombre de réponses
Votre historique - résultats
Vous n’avez pas pris ce quiz